Mi Primer Juicio Oral/ (Registro nro. 8026)
[ vista simple ]
| 000 -LEADER | |
|---|---|
| fixed length control field | 01290nam a2200217Ia 4500 |
| 005 - FECHA Y HORA DE LA ÚLTIMA TRANSACCIÓN | |
| control field | 20230507085255.0 |
| 008 - FIXED-LENGTH DATA ELEMENTS--GENERAL INFORMATION | |
| fixed length control field | 230506s9999 xx 000 0 und d |
| 020 ## - INTERNATIONAL STANDARD BOOK NUMBER | |
| International Standard Book Number | 9508850078 |
| 040 ## - CATALOGING SOURCE | |
| Original cataloging agency | UPAN |
| Transcribing agency | Biblioteca San Vicente |
| Description conventions | RCAA2 |
| 041 ## - LANGUAGE CODE | |
| Language code of text/sound track or separate title | Spa |
| 082 ## - DEWEY DECIMAL CLASSIFICATION NUMBER | |
| Classification number | 340 |
| Item number | G618m |
| 100 ## - MAIN ENTRY--PERSONAL NAME | |
| Personal name | Goldberg,Steven H |
| Relator code | aut. |
| 245 #0 - TITLE STATEMENT | |
| Title | Mi Primer Juicio Oral/ |
| Remainder of title | Steven H. Goldberg |
| 250 ## - EDITION STATEMENT | |
| Edition statement | 1ª ed |
| 260 ## - PUBLICATION, DISTRIBUTION, ETC. (IMPRINT) | |
| Place of publication, distribution, etc | Buenos Aires |
| 260 ## - PUBLICATION, DISTRIBUTION, ETC. (IMPRINT) | |
| Name of publisher, distributor, etc | Eliasta: |
| Date of publication, distribution, etc | 1994, |
| 300 ## - PHYSICAL DESCRIPTION | |
| Extent | 262 p.: |
| Dimensions | 23 cm. |
| 505 ## - FORMATTED CONTENTS NOTE | |
| Formatted contents note | Primera parte. Perspectiva del primer juicio<br/>Capitulo 1. El juicio es una representaciòn teatral<br/>Capitulo 2. El escenario: ¿dònde me siento?<br/>Capitulo 3. El libreto: ¿ què digo?<br/>Segunda parte. Preparaciòn para el primer jucicio<br/>Capitulo 4. Preparar la pieza teatral en un anotador procesal<br/>Capitulo 5. La preparaciòn de los actores en la leñera<br/>Capitulo 6. Los elementos auxiliares<br/>Capitulo 7. Verificaciòn del pùblico<br/>Tercera parte. El primer juicio<br/>Capitulo 8. Reducciòn del pùblico: voir dire<br/>Capitulo 9. Se levanta el telòn: la declaraciòn inicial<br/>Capitulo 10. El diàlogo: el examen de los testigos<br/>Capitulo 11. Papel del abogado: defensa de la evidencia<br/>Capitulo 12. La ùltima escena: la argumentaciòn de cierre |
| 650 ## - SUBJECT ADDED ENTRY--TOPICAL TERM | |
| Source of heading or term | LEMB |
| Topical term or geographic name as entry element | Acto |
| 942 ## - ADDED ENTRY ELEMENTS (KOHA) | |
| Koha item type | Libros |
| Source of classification or shelving scheme | Dewey Decimal Classification |
No hay ítems disponibles.